Introduction to Linear Algebra

Saved in:
Bibliographic Details
Main Author: Strang, Gilbert
Format: Book
Language:English
Published: Wellesley Wellesley - Cambridge Press 2016
Edition:5th Edition
Subjects:
Tags: Add Tag
No Tags, Be the first to tag this record!

MARC

LEADER 00000nam a2200000 4500
001 0272205
005 20240226124330.2
020 |a 978-0-9802327-7-6 
041 0 |a eng 
044 |a US 
245 1 0 |a Introduction to Linear Algebra  |c Gilbert Strang 
250 |a 5th Edition 
264 1 |a Wellesley  |b Wellesley - Cambridge Press  |c 2016 
300 |a 573 s. 
610 2 0 |a matematika 
610 2 0 |a funkcie matematické 
610 2 0 |a rovnice lineárne 
610 2 0 |a matice 
610 2 0 |a pravdepodobnosť 
610 2 0 |a štatistika 
100 1 |a Strang, Gilbert